000 00309nam a2200133Ia 4500
008 230917s9999||||xx |||||||||||||| ||und||
040 _e147327
_aMAIN
041 _aEnglish
082 _a361.60954 M311P
100 _aMamoira
245 0 _aPrinciples of social security
300 _a366p. p.
942 _cBK
999 _c193678
_d193678